Sustainism is the new modernism : (Record no. 1237)

MARC details
000 -LEADER
campo de control de longitud fija 00725nam a22002057a 4500
008 - DATOS DE LONGITUD FIJA--INFORMACIÓN GENERAL
campo de control de longitud fija 170729s2010 xxu||||| |||| 00| 0 eng d
020 ## - NÚMERO INTERNACIONAL ESTÁNDAR DEL LIBRO
Número Internacional Estándar del Libro 9781935202226
082 04 - NÚMERO DE LA CLASIFICACIÓN DECIMAL DEWEY
Número de clasificación 701.03
Número de ítem S411s
100 1# - ENTRADA PRINCIPAL--NOMBRE DE PERSONA
Nombre de persona Schwarz, Michiel.
9 (RLIN) 5880
245 10 - MENCIÓN DEL TÍTULO
Título Sustainism is the new modernism :
Resto del título a cultural manifesto for the sustainist era /
Mención de responsabilidad, etc. Michiel Schwarz y Joost Elffers.
250 ## - MENCION DE EDICION
Mención de edición 1a edición.
260 ## - PUBLICACIÓN, DISTRIBUCIÓN, ETC.
Lugar de publicación, distribución, etc. Nueva York, Estados Unidos :
Nombre del editor, distribuidor, etc. D.A.P,
Fecha de publicación, distribución, etc. 2010.
300 ## - DESCRIPCIÓN FÍSICA
Extensión 200 páginas :
Otras características físicas ilustraciones en color.
653 10 - TÉRMINO DE INDIZACIÓN--NO CONTROLADO
Término no controlado Arte contemporáneo - Sostenibilidad
653 10 - TÉRMINO DE INDIZACIÓN--NO CONTROLADO
Término no controlado Diseño sostenible
653 10 - TÉRMINO DE INDIZACIÓN--NO CONTROLADO
Término no controlado Vida sostenible - Modernismo
653 10 - TÉRMINO DE INDIZACIÓN--NO CONTROLADO
Término no controlado Arte ecológico
653 10 - TÉRMINO DE INDIZACIÓN--NO CONTROLADO
Término no controlado Cultura sostenible
700 1# - ENTRADA AGREGADA--NOMBRE PERSONAL
Nombre de persona Elffers, Joost.
9 (RLIN) 5881
Holdings
Estatus retirado Estado de pérdida Fuente del sistema de clasificación o colocación Estado de daño No para préstamo Biblioteca de origen Biblioteca actual Ubicación en estantería Fecha de adquisición Total de préstamos Signatura topográfica completa Código de barras Visto por última vez Precio de reemplazo Tipo de ítem Koha
    Clasificación Decimal Dewey     Biblioteca LadoV Biblioteca LadoV   29/07/2017   701.03 S411s 004407 29/07/2017 29/07/2017 Material 01